| 000 | 00913nam2a2200205 4500 | ||
|---|---|---|---|
| 001 | RU\NLR\PER_A\002438434_002290 | ||
| 005 | 20250626161806.0 | ||
| 035 | _a(NLR Aleph) 011972865 | ||
| 090 |
_a11265932 _c11265932 |
||
| 100 | _a20190327d2019 |||y0rusy50 ca | ||
| 101 | 0 | _arus | |
| 102 | _aRU | ||
| 200 | 0 | _a2019, № 1 (286) (с указ. за 2018) | |
| 210 |
_d2019 _aБ. м. |
||
| 461 | 0 |
_1001RU\NLR\INFOCOMM4\1000532023 _12001#$aЗащита окружающей среды в нефтегазовом комплексе$eНауч.-техн. журн.$v2019, № 1 (286) (с указ. за 2018) _92059917 _cМ. _d2000 - _nВНИИОЭНГ _oНауч.-техн. журн. _tЗащита окружающей среды в нефтегазовом комплексе _x2411-7013 _v2019, № 1 (286) (с указ. за 2018) |
|
| 852 |
_aNLR _jП23/4889 |
||
| 942 | _cISSUE | ||
| 980 | _aNB | ||
| 980 | _aRUSPER | ||